Score 0/18 Timer 04:00
0 Plays Today
Author (Year) Book Title % Correct
Maya Angelou (1969)I Know Why the Caged Bird Sings
72%
Ayn Rand (1957)Atlas Shrugged
70.8%
Ken Kesey (1962)One Flew Over the Cuckoo's Nest
59.3%
Ernest Hemingway (1926)The Sun Also Rises
50.9%
Philip K. Dick (1968)Do Androids Dream of Electric Sheep?
47.1%
Zora Neale Hurston (1937)Their Eyes Were Watching God
47%
Chinua Achebe (1958)Things Fall Apart
46.5%
Agatha Christie (1939)And Then There Were None
36.3%
F. Scott Fitzgerald (1934)Tender Is the Night
27.9%
Author (Year) Book Title % Correct
James Baldwin (1953)Go Tell It on the Mountain
24.1%
Kazuo Ishiguro (2005)Never Let Me Go
22.3%
Betty Smith (1943)A Tree Grows in Brooklyn
21.1%
Willa Cather (1927)Death Comes for the Archbishop
16.9%
Jonathan Safran Foer (2002)Everything Is Illuminated
15.6%
John Updike (1981)Rabbit Is Rich
13%
Shirley Jackson (1962)We Have Always Lived in the Castle
12.1%
Lauren Weisberger (2003)The Devil Wears Prada
11.5%
Robert A. Heinlein (1966)The Moon Is a Harsh Mistress
10%
Remove Ads.
Support Sporcle.
Get the best of Sporcle when you Go Orange. This ad-free experience offers more features, more stats, and more fun while also helping to support Sporcle. Thank you for becoming a member.

You're not logged in!

Compare scores with friends on all Sporcle quizzes.
OR
Log In

Show Comments

Extras

Top Quizzes Today


Score Distribution

Your Account Isn't Verified!

In order to create a playlist on Sporcle, you need to verify the email address you used during registration. Go to your Sporcle Settings to finish the process.

Report this User

Report this user for behavior that violates our Community Guidelines.

Details: